000 00417nam a2200145 i 4500
001 62238
003 ES-MaACL
007 t|
008 031119s1937 gw ||||1| ger d
100 1 _aFehrle, Eugen.
_949095
245 1 0 _aDeutsche Hochzeitsbrèauche /
_cEugen Fehrle.
260 _aJena :
_bDiederichs,
_c[1937] (
_eLeipzig :
_fSpamer)
300 _a75 p., 26 lám. ;
_c20 cm.
852 _aES-MaACL
_jB-9818
_bR.19124
999 _c62238
_d62238